| 000 | 01051nam a2200217Ia 4500 | ||
|---|---|---|---|
| 003 | Ost | ||
| 005 | 20260507075258.0 | ||
| 008 | 260507s9999||||xx |||||||||||||| ||und|| | ||
| 040 | _cfsecg | ||
| 041 | _aara | ||
| 082 | _a330 | ||
| 100 |
_aناشد، سوزي عدلي _eمؤلف |
||
| 245 | 0 |
_aالاتجار في البشر بين الاقتصاد الخفي و الاقتصاد الرسمي / _c سوزي عدلي ناشد |
|
| 260 |
_aالاسكندرية: _bدار الجامعة الجديدة, _c2005 |
||
| 300 |
_a74 صفحة؛ _c24 سم |
||
| 520 | _aالمكتبة القانونية المظاهر الخرجية للاتجار بالبشر : مفهوم الاتجار في البشر و الاستغلال الجنسي ، تجارة الاشخاص و عمالة الاطفال و تجارة الاعضاء ، الانعكاسات الاقتصادية لظاهرة الاتجار في البشر . | ||
| 653 | _aالاقتصاد الخفي | ||
| 653 | _aالبغاءــ تجارة | ||
| 653 | _aالتجارة | ||
| 942 | _cكتاب | ||
| 999 |
_c43769 _d43769 |
||